000 01424nam a2200433 a 4500
001 76339
003 BD-RjUL
005 20211209082828.0
008 191125s1964 enka 001 0 eng d
035 _aoxf98200829
035 _a(BD-RjUL)76560
040 _aWOO
_dm.c
_beng
_cBD-RjUL
041 _aeng
082 _223
_a306.1
_bEAA 1964
092 _aD0400298058
099 _a*ML FW - 7-VQV - G4
099 _a*ML FW - 7&HV - G4
099 _a*ML H=K-L - CQV&V - G4
099 _a*ML A.3VN-L - 5&V - G4
100 1 _aEaston, Malcolm.
_9235507
245 1 0 _aArtists and writers in Paris :
_bthe Bohemian idea, 1803-1867 /
_cby Malcolm Easton.
260 _aLondon :
_bE. Arnold,
_c1964.
300 _aviii, 205 p. :
_bill., port ;
_c23 cm.
504 _aBibliographical references included in "Notes" (p.178-187).
504 _aBibliography: p. 188-191.
650 0 _aBohemianism.
_965879
650 0 _aArtists in literature.
_9235508
650 0 _aFrench fiction
_y19th century
_xHistory and criticism.
_9235509
651 0 _aParis (France)
_xIntellectual life.
_9235510
942 _2ddc
_cBK
999 _c76339
_d76339